000
00330nam a22001457a 4500
008
210310b ||||| |||| 00| 0 eng d
020
_a
07sr23746700
041
_a
eng
080
_2
2nd
_a
004
082
_a
004
100
_a
28
101
_a
SHKI
245
_a
Practical UNIX & Internet Security
_c
O'Reilly,A
942
_2
udc
_c
BK
999
_c
56218
_d
56218